000 01129nam0a22002651 4500
001 rc\191990
005 20260406161044.0
035 _a(NLR Aleph) 005448005
090 _a4827261
_c4827261
100 _a20030307d1994 |||y0rusy50 ca
101 0 _arus
102 _aRU
105 _aa |||||||||
200 1 _aПРОБЛЕМЫ и практика патентно-лицензионной работы
_eМатериалы краткосроч. семинара, 22-23 февр.
_fПод науч. ред. к. т. н. В.Ф. Гумена
210 _aСПб.
_cМЦЭНТ
_d1994
215 _a52 с.
_cграф.
_d20
300 _aВ надзаг.: Междунар. центр экономики, науки и техники
320 _aБиблиогр. в конце докл.
702 1 _aГумен
_bВ.Ф.
_gВалерий Федорович
_4340
712 0 2 _aМеждународный центр экономики, науки и техники
_cПетербург
_9360142
_3RU\NLR\AUTH\889932425
801 0 _aRU
_bNLR
_gpsbo
801 1 _aRU
_bELAR
_2rusmarc
852 _aNLR
_j95-4/3197
942 _cBOOK
980 _aNB